Statistics for Top 10 Oldest U.S. State Capitals

Click here to take the quiz!

General Stats

  • This quiz has been taken 8,703 times
  • The average score is 6 of 10

Answer Stats

Settled Capital % Correct
1630Boston
93%
1614Albany
85%
1636Providence
66%
1683Dover
63%
1635Hartford
62%
1649Annapolis
59%
1719Harrisburg
59%
1679Trenton
58%
1610Santa Fe
19%
1716Montgomery
8%

Score Distribution

Percentile by Number Answered

Percent of People with Each Score

Your Score History

You have not taken this quiz